| 000 | 00479nam a2200157Ia 4500 | ||
|---|---|---|---|
| 003 | Ost | ||
| 005 | 20260507075658.0 | ||
| 008 | 260507s9999||||xx |||||||||||||| ||und|| | ||
| 040 | _cfsecg | ||
| 041 | _aara | ||
| 100 |
_aالعيسوي، عبد الرحمن _eمؤلف |
||
| 245 | 0 |
_aالكفاءة الادارية / _c عبد الرحمن العيسوي |
|
| 260 |
_aالاسكندرية: _bالدار الجامعية, _c2001 |
||
| 300 | _a245 صفحة؛ | ||
| 942 | _cكتاب | ||
| 999 |
_c45759 _d45759 |
||